<?xml version="1.0" encoding="UTF-8"?><?xml-stylesheet type="text/xsl" href="static/style.xsl"?><OAI-PMH xmlns="http://www.openarchives.org/OAI/2.0/" xmlns:xsi="http://www.w3.org/2001/XMLSchema-instance" xsi:schemaLocation="http://www.openarchives.org/OAI/2.0/ http://www.openarchives.org/OAI/2.0/OAI-PMH.xsd"><responseDate>2026-04-27T14:37:10Z</responseDate><request verb="GetRecord" identifier="oai:uvadoc.uva.es:10324/126" metadataPrefix="marc">https://uvadoc.uva.es/oai/request</request><GetRecord><record><header><identifier>oai:uvadoc.uva.es:10324/126</identifier><datestamp>2021-06-23T16:35:48Z</datestamp><setSpec>com_10324_30605</setSpec><setSpec>com_10324_894</setSpec><setSpec>col_10324_41</setSpec></header><metadata><record xmlns="http://www.loc.gov/MARC21/slim" xmlns:doc="http://www.lyncode.com/xoai" xmlns:xsi="http://www.w3.org/2001/XMLSchema-instance" xmlns:dcterms="http://purl.org/dc/terms/" xsi:schemaLocation="http://www.loc.gov/MARC21/slim http://www.loc.gov/standards/marcxml/schema/MARC21slim.xsd">
<leader>00925njm 22002777a 4500</leader>
<datafield tag="042" ind1=" " ind2=" ">
<subfield code="a">dc</subfield>
</datafield>
<datafield tag="720" ind1=" " ind2=" ">
<subfield code="a">Relea Gangas, Enrique</subfield>
<subfield code="e">author</subfield>
</datafield>
<datafield tag="260" ind1=" " ind2=" ">
<subfield code="c">1999</subfield>
</datafield>
<datafield tag="520" ind1=" " ind2=" ">
<subfield code="a">La  estimación de superficies agrarias mediante medida de longitudes de itinerarios comenzó a practicarse en España a finales de los años 70, sin embargo la laboriosidad del método hizo que dejara de utilizarse.&#xd;
En  el  presente  trabajo  se  crea  un  Modelo  informático de un término municipal mediante un Sistema de  Información Geográfica, para simular muestreos a lo largo de los caminos. &#xd;
El Sistema de  Información Geográfica utiliza metodología raster, y se desarrolla un método para medir longitudes de segmentos lineales incluidos en entidades superficiales.&#xd;
Se comparan distintos tipos de muestreos y se obtienen resultados estadísticos de los mismos. &#xd;
Se concluye que el muestreo a  lo  largo de  itinerarios es un método útil, pero no es necesario medir  las  longitudes de  los cultivos, si no que basta con contar el número de parcelas de cada uno de ellos para poder realizar una estimación correcta.</subfield>
</datafield>
<datafield tag="024" ind2=" " ind1="8">
<subfield code="a">http://uvadoc.uva.es/handle/10324/126</subfield>
</datafield>
<datafield tag="024" ind2=" " ind1="8">
<subfield code="a">b1111458</subfield>
</datafield>
<datafield tag="024" ind2=" " ind1="8">
<subfield code="a">10.35376/10324/126</subfield>
</datafield>
<datafield ind1=" " ind2=" " tag="653">
<subfield code="a">Sistemas de información - Geografía</subfield>
</datafield>
<datafield ind1=" " ind2=" " tag="653">
<subfield code="a">Sistemas de muestreo</subfield>
</datafield>
<datafield ind1=" " ind2=" " tag="653">
<subfield code="a">Agricultura - Estadísticas</subfield>
</datafield>
<datafield tag="245" ind1="0" ind2="0">
<subfield code="a">Creación de un modelo, en un sistema de información geográfica, para la estimación de superficies agrarias</subfield>
</datafield>
</record></metadata></record></GetRecord></OAI-PMH>